000 02185ngm a22003974i 4500
001 991061312090106706
003 ES-BaIT
005 20260205144647.0
008 250409s2013 xxk||| |-|||||q|| vleng|c
024 3 _a5021866639307
028 4 0 _a639
_bART
040 _aES-BaIT
_bcat
_erda
_cES-BaIT
080 _a793.4:791.43(086.8)
245 1 0 _aFirst position /
_cdirected and produced by Bess Kargman ; music by Chris Hajian
264 1 _a[London] :
_bArtificial Eye,
_c2013
264 4 _c© 2011
300 _a1 videodisc (DVD) (95 min):
_bcolor, so;
_c19 cm
336 _aimatge en moviment bidimensional
_btdi
_2rdacontent
337 _avídeo
_bv
_2rdamedia
338 _avideodisc
_bvd
_2rdacarrier
344 _adigital
_bmagnètic
_gestèreo
_hDolby digital 5.1
_2rda
347 _afitxer vídeo
_bDVD vídeo
_etotes les regions
_2rda
500 _aFormat de pantalla (16:9)
500 _aSubtítol a coberta: 6 dancers, 5 minutes in stage, 1 chance to make it
520 _aDocumentary following six young dancers from around the world hoping to prove their balletic ability at the prestigious Youth America Grand Prix in New York. Each year, thousands of dancers enter hoping to win a place in the finals, but only 300 places are available for those who show real determination in the face of such tough competition. 16-year-old Joan Sebastian Zamora tells of his dream to become a world famous dancer but also of the pressure he is under from his parents and himself to perform at the very high standard of the competition; and Michaela DePrince, who was born in Sierra Leone but adopted by an American family, discusses how her body type is believed to be a disadvantage in the world of ballet
586 _aJury prize San Francisco Documentary Festival
586 _aAudence Award Doc NYC
650 4 _aBallarins de dansa clàssica
_yS. XXI
_9168353
650 4 _aBallarines de dansa clàssica
_yS. XXI
_9168354
650 4 _aDansa clàssica
_xConcursos
_9120633
655 7 _aCinema documental
_zEstats Units d'Amèrica
_2lemac
_9100791
700 1 _aKargman, Bess
_edirector cinematogràfic
_9141689
908 _aCDMAE
940 _aCDMAE
942 _2udc
_c5
999 _c137021
_d137021